| 000 | 00487nam a22001817a 4500 | ||
|---|---|---|---|
| 003 | CEME | ||
| 005 | 20210628201953.0 | ||
| 008 | 210209b xxu||||| |||| 00| 0 eng d | ||
| 020 | _a9971-51-426-5 | ||
| 040 | _c. | ||
| 082 | _a621.38153 BAL | ||
| 100 |
_aBalabanian, Norman ,Carlson, Bradley _957663 |
||
| 245 | _aDigital logic disign principles | ||
| 260 |
_aINDIA _bJOHN WILEY _c2004 |
||
| 300 | _aXIII,373P | ||
| 650 |
_aDIGITAL LOGIC DISIGN PRINCIPLES _957664 |
||
| 942 |
_cBK _2ddc |
||
| 999 |
_c567936 _d567936 |
||